Melbourne Cup Winners - Statistics

General Stats
  • This quiz has been taken 708 times
    78 since last reset
  • The average score is 100 of 165
Answer Stats
Year Answer % Correct
2015 Prince of Penzance
94%
2003 | 2004 | 2005 Makybe Diva
89%
2010 Americain
78%
2000 Brew
78%
1951 Delta
78%
2006 Delta Blues
78%
1995 Doriemus
78%
2001 Ethereal
78%
2025 Half Yours
78%
1994 Jeune
78%
1998 Jezabeel
78%
1990 Kingston Rule
78%
2002 Media Puzzle
78%
1997 Might and Power
78%
1930 Phar Lap
78%
1996 Saintly
78%
1992 Subzero
78%
1993 Vintage Crop
78%
1970 Baghdad Note
72%
1890 Carbine
72%
2018 Cross Counter
72%
2011 Dunaden
72%
2007 Efficient
72%
2013 Fiorente
72%
1977 Gold and Black
72%
2012 Green Moon
72%
1982 Gurner's Lane
72%
1991 Let's Elope
72%
2014 Protectionist
72%
1968 | 1969 Rain Lover
72%
2017 Rekindling
72%
1999 Rogan Josh
72%
2020 Twilight Payment
72%
2008 Viewed
72%
2016 Almandin
67%
1861 | 1862 Archer
67%
1978 Arwon
67%
1986 At Talaq
67%
1980 Beldale Ball
67%
1984 Black Knight
67%
1988 Empire Rose
67%
1973 Gala Supreme
67%
2022 Gold Trip
67%
1979 Hyperno
67%
1981 Just A Dash
67%
1987 Kensei
67%
1983 Kiwi
67%
2024 Knight's Choice
67%
1972 Piping Lane
67%
1909 Prince Foote
67%
2009 Shocking
67%
1971 Silver Knight
67%
1989 Tawrrific
67%
1976 Van der Hum
67%
2021 Verry Elleegant
67%
2019 Vow and Declare
67%
1985 What a Nuisance
67%
1919 Artilleryman
61%
1923 Bitalli
61%
1910 Comedy King
61%
1950 Comic Court
61%
1960 Hi Jinx
61%
1864 Lantern
61%
1965 Light Fingers
61%
1903 Lord Cardigan
61%
1929 Nightmarch
61%
1918 Night Watch
61%
1932 | 1934 Peter Pan
61%
1964 Polo Prince
61%
1906 Poseidon
61%
1945 Rainbird
61%
1946 Russia
61%
1882 The Assyrian
61%
1866 The Barb
61%
1898 The Grafter
61%
1937 The Trump
61%
1902 The Victory
61%
1974 | 1975 Think Big
61%
1955 Toparoa
61%
1865 Toryboy
61%
2023 Without a Fight
61%
1863 Banker
56%
1889 Bravo
56%
1877 Chester
56%
1900 Clean Sweep
56%
1887 Dunlop
56%
1956 Evening Peal
56%
1962 Even Stevens
56%
1966 Galilee
56%
1963 Gatum Gatum
56%
1922 King Ingoda
56%
1914 Kingsburgh
56%
1961 Lord Fury
56%
1908 Lord Nolan
56%
1959 Macdougal
56%
1884 Malua
56%
1883 Martini-Henry
56%
1896 Newhaven
56%
1894 Patron
56%
1912 Piastre
56%
1920 Poitrel
56%
1967 Red Handed
56%
1954 Rising Fast
56%
1916 Sasanof
56%
1885 Sheet Anchor
56%
1944 Sirius
56%
1921 Sister Olive
56%
1941 Skipton
56%
1928 Statesman
56%
1957 Straight Draw
56%
1893 Tarcoola
56%
1911 The Parisian
56%
1871 The Pearl
56%
1872 The Quack
56%
1927 Trivalve
56%
1931 White Nose
56%
1936 Wotan
56%
1881 Zulu
56%
1904 Acrasia
50%
1886 Arsenal
50%
1895 Auraria
50%
1924 Backwood
50%
1958 Baystone
50%
1905 Blue Spec
50%
1942 Colonus
50%
1952 Dalray
50%
1879 Darriwell
50%
1873 Don Juan
50%
1897 Gaulus
50%
1880 Grand Flaneur
50%
1935 Marabou
50%
1888 Mentor
50%
1899 Merriwee
50%
1870 Nimblefoot
50%
1940 Old Rowley
50%
1915 Patrobas
50%
1913 Posinatus
50%
1901 Revenue
50%
1948 Rimfire
50%
1939 Rivette
50%
1926 Spearfelt
50%
1867 Tim Whiffler
50%
1869 Warrior
50%
1917 Westcourt
50%
1953 Wodalla
50%
1875 Wollomai
50%
1907 Apologue
44%
1876 Briseis
44%
1878 Calamia
44%
1938 Catalogue
44%
1943 Dark Felt
44%
1949 Foxzami
44%
1868 Glencoe
44%
1892 Glenloth
44%
1933 Hall Mark
44%
1891 Malvolio
44%
1925 Windbag
44%
1874 Haricot
39%
1947 Hiraji
39%
No matching quizzes found
Score Distribution
Percent of People with Each Score
Percentile by Number Answered
Your Score History
You have not taken this quiz since the last reset